000 01442nam a22003857a 4500
003 CHAP
005 20220329143224.0
008 070419d2006 mx r 00110 spa d
010 _a93514
011 _a94486
035 _a105077
040 _cCHAP
090 _aTesis
100 1 _aGallardo Jiménez, Johvanny.
_944350
245 1 0 _aCrecimiento y rendimiento de chile serrano bajo sombra en función del arreglo topológico y poda
_c/por Johvanny Gallardo Jiménez
260 _aCocula, Gro. :
_bEl autor,
_c2006.
300 _a91 h. :
_bilus. ; Gráfs. ; cuadros,
502 _aTesis (Ing. Agr. Fitotecnista) - - Colegio Superior Agropecuario del Estado de Guerrero. Centro de Estudios Profesionales
590 _aALEPH
_b10
_c20130110
_lUCH01
_h1518
590 _aBATCH-UPD
_b10
_c20130110
_lUCH01
_h0432
590 _aBATCH-UPD
_b10
_c20130110
_lUCH01
_h2141
590 _aBATCH-UPD
_b10
_c20130410
_lUCH01
_h0108
590 _aBATCH-UPD
_b10
_c20130914
_lUCH01
_h0925
590 _aCONVERSION
_b10
_c20130109
_lUCH01
_h1352
650 1 4 _aChile serrano
_xCrecimiento.
_922509
650 1 4 _aChile serrano
_xPoda.
_922522
650 1 4 _aChile serrano
_xRendimiento.
_922523
650 1 4 _aIrrigación.
_960366
650 1 4 _aRiego por goteo.
_997380
650 1 4 _aSombra
_xEfecto en plantas.
_9108539
901 _aBK
905 _aElisama A. H.
942 _cTESIS
949 _aTesis
_bBC
_cTES
_d33724002024983
_eTS1
_gDonaciØn
_h46446
_i105077
_sb
999 _c93514
_d93514